Statistiken für Alle PDC Darts Turniersieger 2018

Klicken Sie hier um das Quiz zu spielen!

Allgemein

  • Dieses Quiz wurde 59 mal gespielt
  • Das Durchschnittsergebnis liegt bei 51 aus 59

Antwortstatistiken

TurnierLandDartsspieler% Korrekt
Melbourne MastersSchottlandPeter Wright
100%
PDPA Players Championship 14SchottlandPeter Wright
100%
PDPA Players Championship 17SchottlandPeter Wright
100%
US Darts MastersSchottlandGary Anderson
98%
World MatchplaySchottlandGary Anderson
98%
Championship League Of DartsSchottlandGary Anderson
98%
UK Open Qualifier 4SchottlandGary Anderson
98%
PDPA Players Championship 11SchottlandGary Anderson
98%
UK OpenSchottlandGary Anderson
98%
PDPA Players Championship 3SchottlandGary Anderson
98%
PDPA Players Championship 4SchottlandGary Anderson
98%
PDC German Darts ChampionshipNiederlandeMichael van Gerwen
98%
PDPA Players Championship 9NiederlandeMichael van Gerwen
98%
PDC Gibraltar Darts TrophyNiederlandeMichael van Gerwen
98%
PDC European Grand PrixNiederlandeMichael van Gerwen
98%
PDC Dutch Darts MastersNiederlandeMichael van Gerwen
98%
The MastersNiederlandeMichael van Gerwen
98%
Auckland MastersNiederlandeMichael van Gerwen
98%
Premier LeagueNiederlandeMichael van Gerwen
98%
PDC European MatchplayNiederlandeMichael van Gerwen
98%
European Darts Grand PrixNiederlandeMichael van Gerwen
98%
PDC European Darts OpenNiederlandeMichael van Gerwen
98%
PDPA Players Championship 5NiederlandeMichael van Gerwen
98%
PDPA Players Championship 2NiederlandeMichael van Gerwen
98%
PDPA Players Championship 1NiederlandeMichael van Gerwen
98%
World Grand PrixNiederlandeMichael van Gerwen
98%
PDC European Darts TrophyNiederlandeMichael van Gerwen
98%
UK Open Qualifier 2NiederlandeMichael van Gerwen
98%
UK Open Qualifier 1NiederlandeMichael van Gerwen
98%
Grand Slam Of DartsWalesGerwyn Price
96%
PDC International Darts OpenWalesGerwyn Price
96%
PDC German OpenDeutschlandMax Hopp
96%
PDPA Players Championship 19DeutschlandMax Hopp
96%
PDC German Darts Masters World SeriesÖsterreichMensur Suljovic
93%
PDC Danish OpenÖsterreichMensur Suljovic
93%
Brisbane MastersEnglandRob Cross
93%
World Darts ChampionshipEnglandRob Cross
93%
PDPA Players Championship 13EnglandRob Cross
93%
UK Open Qualifier 6PolenKrzysztof Ratajski
91%
PDPA Players Championship 22PolenKrzysztof Ratajski
91%
PDPA Players Championship 21PolenKrzysztof Ratajski
91%
PDC Austrian Darts OpenWalesJonny Clayton
89%
PDC Youth World ChampionshipBelgienDimitri van den Bergh
87%
Players Championship FinalsNordirlandDaryl Gurney
85%
World Series Of Darts FinalsEnglandJames Wade
85%
European ChampionshipEnglandJames Wade
85%
UK Open Qualifier 3EnglandMichael Smith
85%
Shanghai MastersEnglandMichael Smith
85%
PDPA Players Championship 7EnglandMichael Smith
85%
PDPA Players Championship 20NiederlandeDanny Noppert
65%
PDPA Players Championship 18EnglandNathan Aspinall
59%
PDPA Players Championship 10NiederlandeJeffrey De Zwaan
57%
PDPA Players Championship 16EnglandIan White
52%
PDC Dutch Darts ChampionshipEnglandIan White
52%
PDPA Players Championship 6EnglandIan White
52%
PDPA Players Championship 8NordirlandMichael Mansell
48%
UK Open Qualifier 5AustralienCorey Cadby
43%
PDPA Players Championship 15EnglandMervyn King
41%
PDPA Players Championship 12EnglandJosh Payne
13%

Verteilung der Resultate

Perzentil nach korrekt beantworteten Fragen

Anzahl Personen mit jedem Resultat

Ihre Resultats-Entwicklung

Sie haben dieses Quiz noch nicht gespielt